Pahlawan tanah air

Bibliographic Details
Main Author: Amril Shah
Format: Book
Published: Selangor : Pustaka Tintamas , 2006
Series:Mari gembira berpuisi
Subjects:

MARC

LEADER 00000cam a2200000 7i4500
001 0000006870
005 20151222.0
008 070822
020 |a 983135155X(set) 
020 |a 9831351622 
090 0 0 |a JF   |b NS MAL (7578) 
100 0 |a Amril Shah 
245 1 0 |a Pahlawan tanah air   |c Amril Shah 
260 |a Selangor :   |b Pustaka Tintamas ,   |c 2006 
440 0 |a Mari gembira berpuisi 
500 |a Children ages 7-9 years old (orange) 
650 0 |a Children's poetry, Malay   |x Juvenile literature 
999 |a 0000917089   |b Book   |c Children Collection   |e Cawangan Bukit Gambir 
999 |a 0000917090   |b Book   |c Children Collection   |e Cawangan Bukit Gambir 
999 |a 0000917098   |b Book   |c Children Collection   |e Cawangan Bukit Gambir 
999 |a 0000927637   |b Book   |c Children Collection   |e Cawangan Tangkak 
999 |a 0000927638   |b Book   |c Children Collection   |e Cawangan Tangkak 
999 |a 0000945669   |b Book   |c Children Collection   |e Cawangan Taman Sri Lambak 
999 |a 0000945670   |b Book   |c Children Collection   |e Cawangan Taman Sri Lambak 
999 |a 0000945671   |b Book   |c Children Collection   |e Cawangan Taman Sri Lambak 
999 |a 0000987232   |b Book   |c Children Collection   |e Perbadanan Perpustakaan Awam Johor 
999 |a 0000987233   |b Book   |c Children Collection   |e Cawangan Pontian 
999 |a 0000987234   |b Book   |c Children Collection   |e Perbadanan Perpustakaan Awam Johor 
999 |a 0000987235   |b Book   |c Children Collection   |e Cawangan Bandar Tenggara 
999 |a 0000987236   |b Book   |c Children Collection   |e Cawangan Sri Merlong 
999 |a 0001148406   |b Book   |c Children Collection   |e Cawangan Bukit Gambir 
999 |a 0001148409   |b Book   |c Children Collection   |e Cawangan Tangkak